Sports Quiz

Random Sports or Country Quiz

ICC Rankings - Top 70 Batsmen - Test Quiz Stats

 Plays Quiz not verified by Sporcle

Challenge
Share
Tweet
Embed
Score 0/70 Timer 20:00
0 Plays Today
Country Batsman % Correct
South AfricaGraeme Smith
95%
Sri LankaKumar Sangakkara
93.8%
South AfricaHashim Amla
92.5%
South AfricaJacques Kallis
90%
AustraliaMichael Clarke
88.8%
EnglandKevin Pietersen
88.8%
EnglandAlistair Cook
87.5%
EnglandIan Bell
83.8%
West IndiesChris Gayle
82.5%
West IndiesShiv Chanderpaul
81.3%
EnglandAndrew Strauss
80%
PakistanYounus Khan
78.8%
New ZealandRoss Taylor
78.8%
EnglandJonathan Trott
78.8%
ZimbabweBrendan Taylor
77.5%
IndiaSashin Tendulkar
76.3%
Sri LankaMahela Jayawardene
76.3%
AustraliaRicky Ponting
76.3%
Sri LankaPrasanna Jayawardene
76.3%
New ZealandBrendon McCullum
73.8%
EnglandMatt Prior
68.8%
IndiaVirender Sehwag
67.5%
AustraliaMichael Hussey
65%
Sri LankaTillakaratne Dilshan
65%
India Virat Kohli
65%
South AfricaA.B De Villiers
63.8%
AustraliaShane Watson
63.8%
IndiaMahendra Singh Dhoni
63.8%
IndiaGautam Gambhir
62.5%
West IndiesDwayne Bravo
61.3%
AustraliaDavid Warner
61.3%
BangladeshTamim Iqbal
56.3%
IndiaVVS Laxman
55%
South AfricaJ.P Duminy
53.8%
West IndiesRamnaresh Sarwan
50%
Country Batsman % Correct
EnglandStuart Broad
50%
AustraliaBrad Haddin
48.8%
New ZealandKane Williamson
47.5%
IndiaYuvraj Singh
47.5%
PakistanMisbah Ul-Haq
46.3%
Sri LankaThilan Samaraweera
45%
West IndiesMarlon Samuels
45%
South AfircaAlviro Petersen
45%
New ZealandMartin Guptill
45%
IndiaSuresh Raina
45%
PakistanUmar Akmal
43.8%
South AfricaJacques Rudolph
40%
EnglandEoin Morgan
40%
New ZelandDaniel Vettori
38.8%
AustraliaPhillip Hughes
38.8%
New ZealandJesse Ryder
36.3%
BangladeshShakib Al-Hasan
35%
PakistanAzhar Ali
31.3%
PakistanMohammad Hafeez
31.3%
EnglandJohnny Bairstow
30%
West IndiesDarren Sammy
28.8%
AustraliaEd Cowan
28.8%
Sri LankaAngelo Matthews
26.3%
South AfricaAshwell Prince
22.5%
BangladeshMushfiqur Rahim
21.3%
Sri LankaDinesh Chandimal
20%
West IndiesKirk Edwards
17.5%
BangladeshMahmudullah
12.5%
PakistanAsad Shafiq
10%
BangladeshShahriar Nafees
10%
West IndiesBrendan Nash
10%
PakistanTaufeeq Umar
8.8%
Sri LankaTharanga Paranavitana
8.8%
New ZealandDean Brownlie
3.8%
West IndiesNarsingh Deonarine
0%

You're not logged in!

Compare scores with friends on all Sporcle quizzes.
OR
Log In

You Might Also Like...

Show Comments

Extras

Top Quizzes Today


Score Distribution

Your Account Isn't Verified!

In order to create a playlist on Sporcle, you need to verify the email address you used during registration. Go to your Sporcle Settings to finish the process.

Report this User

Report this user for behavior that violates our Community Guidelines.

Details: